<?xml version="1.0" encoding="UTF-8"?>
<marc:record xmlns:marc="http://www.loc.gov/MARC21/slim">
   <marc:leader>00000nam a2200000 a 4500</marc:leader>
   <marc:datafield ind1="1" ind2=" " tag="100">
      <marc:subfield code="a">Klinger, Nadja</marc:subfield>
      <marc:subfield code="4">aut</marc:subfield>
      <marc:subfield code="e">Verfasser/-in</marc:subfield>
   </marc:datafield>
   <marc:datafield ind1=" " ind2=" " tag="653">
      <marc:subfield code="a">Überquerung</marc:subfield>
   </marc:datafield>
   <marc:datafield ind1=" " ind2=" " tag="653">
      <marc:subfield code="a">Bergwandern</marc:subfield>
   </marc:datafield>
   <marc:datafield ind1=" " ind2=" " tag="653">
      <marc:subfield code="a">Softcover / Reiseberichte</marc:subfield>
   </marc:datafield>
   <marc:datafield ind1=" " ind2=" " tag="653">
      <marc:subfield code="a">Reiseerzählungen/Europa</marc:subfield>
   </marc:datafield>
   <marc:datafield ind1=" " ind2=" " tag="653">
      <marc:subfield code="a">Reisebericht</marc:subfield>
   </marc:datafield>
   <marc:datafield ind1="0" ind2="0" tag="245">
      <marc:subfield code="a">Über die Alpen</marc:subfield>
   </marc:datafield>
   <marc:datafield ind1="0" ind2="0" tag="245">
      <marc:subfield code="b">eine Reise</marc:subfield>
   </marc:datafield>
   <marc:datafield ind1="0" ind2="0" tag="245">
      <marc:subfield code="c">Nadja Klinger</marc:subfield>
   </marc:datafield>
   <marc:datafield ind1=" " ind2="1" tag="264">
      <marc:subfield code="a">Berlin</marc:subfield>
      <marc:subfield code="b">Rowohlt Berlin</marc:subfield>
      <marc:subfield code="c">2010</marc:subfield>
   </marc:datafield>
   <marc:datafield ind1=" " ind2=" " tag="250">
      <marc:subfield code="a">1. Aufl.</marc:subfield>
   </marc:datafield>
   <marc:datafield ind1="1" ind2=" " tag="520">
      <marc:subfield code="a">Angaben aus der Verlagsmeldung

Über die Alpen : Eine Reise / von Nadja Klinger

Die Alpen sind eine der letzten mythischen Großlandschaften Europas – und zugleich die Grenze, die den Kontinent seit Urzeiten teilt. Die Reporterin Nadja Klinger hat sich zu Fuß aufgemacht, um deren Aura einzufangen, Reste der sagenumwobenen, archaischen Wildnis zu finden, aber auch, um das Ausmaß der Umweltzerstörung zu dokumentieren, die der Klimawandel und der Massentourismus unserer Zeit mit sich bringen. Nadja Klinger erzählt von einem ebenso beschwerlichen wie einzigartigen Fußmarsch, der sie vom Bodensee über das Engadin bis zum Lago di Como führt, vorbei an den großen Gletschern, über Schwindel erregende Passhöhen und durch liebliche Hochtäler. Sie erzählt, was sie erlebt und was sie sieht: von der kargen Schönheit der Bergwelt, zerklüfteten Eisbrüchen, erhabener Stille und innerer Einkehr, von Begegnungen mit Wanderschäfern, Alpenschafen und Hüttenwirten. Sie erzählt vom Abschmelzen der Gletscher und vom Höhenrausch bei Buttermilch. Eine Hommage an eine einzigartige Landschaft und das Dokument einer ungewöhnlichen Reise.
</marc:subfield>
   </marc:datafield>
   <marc:datafield ind1=" " ind2=" " tag="020">
      <marc:subfield code="a">9783871346545</marc:subfield>
      <marc:subfield code="9">9783871346545</marc:subfield>
   </marc:datafield>
   <marc:datafield ind1=" " ind2=" " tag="041">
      <marc:subfield code="a">ger</marc:subfield>
   </marc:datafield>
   <marc:datafield ind1=" " ind2=" " tag="300">
      <marc:subfield code="a">316 S.</marc:subfield>
   </marc:datafield>
</marc:record>
